000 00565nam a22001697a 4500
005 20120601164520.0
020 _c60.00
035 _aB-28152
037 _aDPL
_bENG
100 _aKapoor, G.K.
_948330
245 _aCompany law and practice-II /
_cby G.K. Kapoor
250 _a5th ed.
260 _aNew Delhi
_bSultan Chand and Company
_c2000
300 _avarious pages
_c20 cms.
942 _2ddc
_cEN
_h346.54066
_mKAP
999 _c67421
_d67421